00441nam a2200145Ia 4500003000400000008004100004040001600045082001700061100001900078245006700097700001900164260006000183650002400243650002800267GCL140319s9999 xx 000 0 eng d aGCL / cGCL04a658.154bM M1 aMETCALFE, MIKE10aMANAGEMENT ACCOUNTING: A MODELLING APPROACH / cMETCALFE, MIKE1 aPOWELL, PHILIP a[S.N] : bADDISON - WESLEY PUBLISHING COMPANY ، c199104aMATHEMATICAL MODELS04aMANAGEMENT - ACCOUNTING